[Event "Gausdal Int"]
[Site "Gausdal"]
[Date "1994.??.??"]
[Round "6"]
[White "Horvath, Csaba"]
[Black "Poluljahov, Aleksandr"]
[Result "1-0"]
[WhiteElo "2540"]
[BlackElo "2485"]

1.d4 Nf6 2.c4 e6 3.Nf3 b6 4.g3 Ba6 5.b3 d5 6.Bg2 c5 7.cxd5 exd5 8.O-O Nc6
9.Nc3 Rc8 10.Bh3 Rb8 11.Bg5 Be7 12.dxc5 bxc5 13.Rc1 O-O 14.Bxf6 Bxf6 15.Nxd5 Bd4
16.Nxd4 Nxd4 17.Rxc5 Nxe2+ 18.Kh1 Rb5 19.Rxb5 Bxb5 20.Bg2 Re8 21.h4 Re5 22.Re1 h6
23.Kh2 a5 24.Bf3 g5 25.a4 Ba6 26.b4 g4 27.Bg2 axb4 28.Nxb4 Qxd1 29.Rxd1 Bc4
30.Nc6 Rc5 31.Nd4 Nc3 32.Ra1 Ra5 33.Rc1 Rxa4 34.Rxc3 Kg7 35.Nf5+ Kg6 36.Ne3 Be6
37.Rc2 h5 38.Rd2  1-0

[Event "Geneve op"]
[Site "Geneve"]
[Date "1994.??.??"]
[Round "2"]
[White "Peric, Slavisa"]
[Black "Razuvaev, Yuri S"]
[Result "0-1"]
[WhiteElo "2335"]
[BlackElo "2555"]

1.d4 Nf6 2.c4 e6 3.Nf3 b6 4.g3 Ba6 5.Qb3 Nc6 6.Nbd2 Na5 7.Qa4 Bb7 8.Bh3 c5
9.O-O cxd4 10.Nxd4 Rc8 11.Re1 Bc5 12.N4f3 Bc6 13.Qd1 b5 14.cxb5 Bxb5 15.a3 Qb6
16.e3 Be7 17.b4 Nc4 18.a4 Nxd2 19.Bxd2 Bc6 20.b5 Ba8 21.Bg2 O-O 22.Qe2 Bd5
23.Ne5 Bxg2 24.Kxg2 a6 25.Rec1 axb5 26.axb5 Qb7+ 27.Kg1 Ne4 28.Nf3 f5 29.h4 Bf6
30.Rab1 h6 31.Be1 g5 32.hxg5 hxg5 33.Nd4 g4 34.f3 Ng5 35.Rxc8 Rxc8 36.fxg4 Qe4
37.Rb2 Rc1 38.Rc2 Rxe1+ 39.Qxe1 Bxd4 40.Rc8+ Kg7  0-1

[Event "BL2-S9394"]
[Site "Germany"]
[Date "1994.??.??"]
[Round "?"]
[White "Mandel, Andreas"]
[Black "Ploetz, Werner"]
[Result "1/2-1/2"]
[WhiteElo "2370"]
[BlackElo "2250"]

1.d4 Nf6 2.Nf3 e6 3.c4 b6 4.g3 Ba6 5.b3 Bb4+ 6.Bd2 Be7 7.Bg2 c6 8.Bc3 d5
9.Nbd2 O-O 10.O-O Nbd7 11.Re1 Rc8 12.e4 Bb7 13.Qe2 dxe4 14.Ne5 c5 15.Nxd7 Qxd7
16.dxc5 e3 17.Qxe3 Bxg2 18.Kxg2 Qc6+ 19.Qf3 Bxc5 20.Qxc6 Rxc6 21.Rad1 Be7
22.Ne4 Nxe4 23.Rxe4 Rc7 24.Be5 Rb7 25.Red4 f6 26.Rd7 Rxd7 27.Rxd7 Bc5 28.Bd6 Bxd6
29.Rxd6 e5 30.Kf3 f5 31.Rd5 Re8 32.Rd7 g5 33.Rxa7 Rd8 34.Ke2 e4 35.Re7 Rd3
36.Re5 Rf3 37.Rb5 Kg7 38.Rxb6 Rc3 39.Rd6 Kf7 40.Rd2 Ke6 41.Rb2 f4 42.a4 Ke5
43.a5 Rc1 44.Kd2 Ra1 45.Kc3 Rxa5 46.Kb4 Ra8 47.c5 e3 48.gxf4+ gxf4 49.fxe3 fxe3
50.Kc4 Rd8 51.Re2 Ke4 52.b4 Rd2 53.Re1 Rxh2 54.c6 Rc2+ 55.Kb5 e2 56.Kb6 Kd5
57.c7 Kd6 58.Rxe2 Rc6+ 59.Kb5 Rxc7 60.Rh2 Rg7 61.Kb6 Kd7 62.Rc2 Ke6 63.b5 h5
64.Kc6 Rg4 65.Rc5 h4 66.b6 h3 67.Rh5 Rc4+ 68.Kb5 Rc3 69.Kb4 Rc2 70.Rxh3 Kd7
71.Rh8 Rc8 72.Rh6 Rg8 73.Kb5 Kc8 74.Ka6 Kb8  1/2-1/2

[Event "BL2-S9394"]
[Site "Germany"]
[Date "1994.??.??"]
[Round "?"]
[White "Schwalfenberg, Joerg"]
[Black "Fahnenschmidt, Gerhard"]
[Result "0-1"]
[WhiteElo "2210"]
[BlackElo "2395"]

1.d4 Nf6 2.c4 e6 3.Nf3 b6 4.g3 Ba6 5.b3 Bb7 6.Bg2 Bb4+ 7.Bd2 Be7 8.O-O O-O
9.Nc3 d5 10.cxd5 exd5 11.Bf4 Na6 12.Ne5 Re8 13.Qc2 c6 14.Rfd1 Rc8 15.Bh3 Rc7
16.a3 Bd6 17.Nd3 Bc8 18.Bxc8 Rxc8 19.b4 c5 20.Bxd6 cxd4 21.Be5 dxc3 22.Qa4 Nb8
23.Rac1 Ne4 24.f3 Nc6 25.Bxc3 Nxc3 26.Rxc3 Nd4 27.Rxc8 Qxc8 28.Nf4 Nxe2+
29.Nxe2 Rxe2 30.Qxa7 h5 31.Rf1 Qh3  0-1

[Event "BL2-S9394"]
[Site "Germany"]
[Date "1994.??.??"]
[Round "?"]
[White "Sokolov, Andrei"]
[Black "Darga, Klaus"]
[Result "1-0"]
[WhiteElo "2555"]
[BlackElo "2455"]

1.d4 Nf6 2.c4 e6 3.Nf3 b6 4.g3 Ba6 5.b3 Bb4+ 6.Bd2 Be7 7.Bg2 c6 8.Bc3 d5
9.Nbd2 O-O 10.O-O Nbd7 11.Qc2 c5 12.Rfd1 Rc8 13.dxc5 Bxc5 14.Qb2 Qe7 15.b4 Bd6
16.cxd5 Bxe2 17.Re1 Rxc3 18.Qxc3 Bxb4 19.Qe3 Bxf3 20.Bxf3 Nxd5 21.Bxd5  1-0

[Event "BL2-W9394"]
[Site "Germany"]
[Date "1994.??.??"]
[Round "?"]
[White "Karkanaque, Ilir"]
[Black "Balashov, Yuri S"]
[Result "1/2-1/2"]
[WhiteElo "2355"]
[BlackElo "2510"]

1.d4 Nf6 2.c4 e6 3.Nf3 b6 4.g3 Ba6 5.b3 Bb4+ 6.Bd2 Be7 7.Bg2 c6 8.Bc3 d5
9.Ne5 Nfd7 10.Nxd7 Nxd7 11.Nd2 O-O 12.O-O f5 13.a4 Rc8 14.e3 Nf6 15.Bb2 Re8
16.Qe2 Bb4 17.Nf3 Qe7 18.Rfc1 Ne4 19.Rc2 Bd6 20.a5 b5 21.c5 Bb8 22.b4 Rcd8
23.Ne5 Bxe5 24.dxe5 Ng5 25.f4 Ne4 26.Rd1 Bc8 27.Bxe4 fxe4 28.Rf1 Rf8 29.Bd4  1/2-1/2

[Event "BL2-W9394"]
[Site "Germany"]
[Date "1994.??.??"]
[Round "?"]
[White "Karkanaque, Ilir"]
[Black "Pichler, Juergen"]
[Result "1/2-1/2"]
[WhiteElo "2355"]
[BlackElo "2410"]

1.d4 Nf6 2.c4 e6 3.Nf3 b6 4.g3 Ba6 5.b3 Bb4+ 6.Bd2 Be7 7.Bg2 c6 8.Bc3 d5
9.Ne5 Ne4 10.O-O Nxc3 11.Nxc3 O-O 12.Re1 Bb7 13.e4 dxc4 14.Nxc4 b5 15.Ne3 Qa5
16.Qc2 Nd7 17.a4 b4 18.Nc4 Qc7 19.Ne2 Rfd8 20.Rad1 Nf6 21.Nf4 Bf8 22.Qb2 Rac8
23.Ne3 Qb6 24.Nc4 Qc7 25.Ne3 Qb6 26.Nc4 Qc7  1/2-1/2

[Event "NRW-Liga II 9394"]
[Site "Germany"]
[Date "1994.??.??"]
[Round "?"]
[White "Gruen, Peter"]
[Black "Morawietz, Dieter"]
[Result "1-0"]
[WhiteElo "2370"]
[BlackElo "2400"]

1.d4 Nf6 2.Nf3 e6 3.c4 b6 4.g3 Ba6 5.b3 Bb7 6.Bg2 Bb4+ 7.Bd2 c5 8.O-O O-O
9.d5 exd5 10.Nh4 Ne4 11.cxd5 Re8 12.Bxb4 cxb4 13.Bxe4 Rxe4 14.Nd2 Rg4 15.Nf5 Bxd5
16.e4 Rg5 17.Nxg7 Bb7 18.Nf5 Rg6 19.Nc4 Bxe4 20.Nfd6 Nc6 21.Re1 b5 22.Rxe4 bxc4
23.Re8+ Qxe8 24.Nxe8 Rxe8 25.bxc4 d6 26.Qa4 Rc8 27.Qa6 Rc7 28.Re1 Ne5 29.Kg2 Nd3
30.Re8+ Kg7 31.Qb5 Rc5 32.Qb8 Kh6 33.Re4 Kg7 34.Re8 Kh6 35.Re3 Nf4+ 36.Kf3 Ne6
37.Qxa7 Rf5+ 38.Kg2 Nf4+ 39.Kf1 Ne6 40.Re2 Nc5 41.Qb8 Nd3 42.Qf8+ Kh5 43.Qe7 Rgf6
44.f4 Kg6 45.Qf8 d5 46.cxd5 Rxd5 47.Qg8+ Kh6 48.Rd2 Rff5 49.Qg4 Nc5 50.Rxd5 Rxd5
51.Qf3 Rd6 52.f5 Nd3 53.g4 f6 54.Qe3+  1-0

[Event "NRW-Liga I 9394"]
[Site "Germany"]
[Date "1994.??.??"]
[Round "?"]
[White "Molinaroli, Martin"]
[Black "Arkhipov, Sergey"]
[Result "1-0"]
[WhiteElo "2290"]
[BlackElo "2530"]

1.d4 Nf6 2.Nf3 b6 3.c4 e6 4.g3 Ba6 5.Qc2 c5 6.Bg2 Nc6 7.dxc5 bxc5 8.b3 Be7
9.O-O O-O 10.Bb2 d5 11.cxd5 Nb4 12.Qd1 exd5 13.Ne5 Rc8 14.a3 Nc6 15.Nxc6 Rxc6
16.Nc3 Rd6 17.b4 d4 18.Na4 c4 19.Nc5 Bc8 20.Qc2 c3 21.Bc1 g6 22.Bf4 Rb6 23.e3 Bf5
24.Qc1 Nd5 25.Bh6 dxe3 26.fxe3 c2 27.e4 Nxb4 28.axb4 Rxb4 29.Qxc2 Qd4+ 30.Kh1 Rb2
31.Qd1 Qxc5 32.exf5 Rd8 33.Qf3 g5 34.f6 Bd6 35.Rad1 Bc7 36.Rxd8+ Bxd8 37.Qe4 Qb5
38.Re1  1-0

[Event "Groningen op"]
[Site "Groningen"]
[Date "1994.??.??"]
[Round "1"]
[White "Shneider, Aleksandr"]
[Black "Thompson, Ian D"]
[Result "1/2-1/2"]
[WhiteElo "2535"]
[BlackElo "2325"]

1.d4 e6 2.c4 b6 3.Nf3 Nf6 4.g3 Ba6 5.b3 Bb4+ 6.Bd2 Be7 7.Bg2 d5 8.cxd5 exd5
9.O-O O-O 10.Nc3 c5 11.Rc1  1/2-1/2

[Event "Groningen op"]
[Site "Groningen"]
[Date "1994.??.??"]
[Round "3"]
[White "Shipov, Sergei"]
[Black "Dobosz, Henryk"]
[Result "1/2-1/2"]
[WhiteElo "2525"]
[BlackElo "2420"]

1.d4 Nf6 2.c4 e6 3.Nf3 b6 4.g3 Ba6 5.b3 b5 6.Bg2 bxc4 7.Ne5 Bb4+ 8.Bd2 cxb3
9.axb3 Bxd2+ 10.Qxd2 d5 11.Nc3 O-O 12.O-O Bb7 13.Rfc1 c6 14.Na4 Nfd7 15.Nd3 Ba6
16.Nb4 Bb5 17.Nc3 Qb6 18.e4 Nf6 19.e5 Nfd7 20.Nxb5 Qxb5 21.Nd3 Qb6 22.Qc3 a5
23.Ra3  1/2-1/2

[Event "Groningen op"]
[Site "Groningen"]
[Date "1994.??.??"]
[Round "7"]
[White "Douven, Rudy C"]
[Black "Szekely, Peter"]
[Result "1-0"]
[WhiteElo "2400"]
[BlackElo "2490"]

1.d4 Nf6 2.c4 e6 3.Nf3 b6 4.g3 Ba6 5.b3 Bb4+ 6.Bd2 Be7 7.Bg2 Bb7 8.O-O O-O
9.Nc3 Na6 10.Bc1 d5 11.Ne5 Qc8 12.Bb2 Rd8 13.Rc1 c5 14.cxd5 exd5 15.e3 Qe6
16.Ne2 Rac8 17.Nf4 Qd6 18.Re1 Bf8 19.Qe2 Nc7 20.Bh3 Rb8 21.Red1 Re8 22.Qc2 Rbd8
23.Bg2 Na6 24.dxc5 bxc5 25.Nc4 Qe7 26.Bxf6 Qxf6 27.Nxd5 Bxd5 28.Rxd5 Rxd5
29.Bxd5 Nb4 30.Qd2 Rd8 31.e4 Be7 32.Rd1 Nc6 33.f4 Nd4 34.Qg2 Qa6 35.Ne5 Rf8
36.Rd2 Bf6 37.Nd7 Rd8 38.Nxf6+ gxf6 39.g4 Qa5 40.Rf2 Kf8 41.Qh3 Qe1+ 42.Kg2 Rxd5
43.exd5 Qe4+ 44.Kg1 Ne2+ 45.Kf1 Nd4 46.Kg1 Ne2+ 47.Rxe2 Qxe2 48.Qg2 Qd3 49.Kf2 Qd4+
50.Kg3 Ke7 51.f5 Qe5+ 52.Kh4 Qf4 53.h3 Kd7 54.Qe2 Kd6 55.Qa6+ Kxd5 56.Qxf6 Ke4
57.Qxf7 Qh6+ 58.Qh5 Qf6+ 59.Qg5 Qf7 60.f6 Kf3  1-0

[Event "Groningen op"]
[Site "Groningen"]
[Date "1994.??.??"]
[Round "10"]
[White "Sorin, Ariel"]
[Black "Shneider, Aleksandr"]
[Result "1/2-1/2"]
[WhiteElo "2485"]
[BlackElo "2535"]

1.d4 Nf6 2.c4 e6 3.Nf3 b6 4.g3 Ba6 5.Qa4 Bb7 6.Bg2 c5 7.dxc5 Bxc5 8.Nc3 Be7
9.O-O O-O 10.Rd1 Na6 11.Be3 Qc8 12.Rac1 Nc5 13.Qc2 Rd8 14.Bd4 Nce4 15.Qd3 d6
16.b3 Nxc3 17.Qxc3 Qc7 18.Qa1 Be4 19.a4 Qb7 20.Ne1 Bxg2 21.Nxg2 d5 22.Ne3 dxc4
23.Nxc4 Rac8 24.f3 Rxd4 25.Rxd4 Bc5 26.Kf1 Bxd4 27.Qxd4 b5  1/2-1/2

[Event "Gyongyos op"]
[Site "Gyongyos"]
[Date "1994.??.??"]
[Round "?"]
[White "Lavrov, Andrey"]
[Black "Foldi, Istvan"]
[Result "1-0"]
[WhiteElo "2355"]
[BlackElo "2350"]

1.d4 Nf6 2.c4 e6 3.Nf3 b6 4.g3 Ba6 5.b3 Bb4+ 6.Bd2 Be7 7.Nc3 c6 8.e4 d5 9.Bd3 dxe4
10.Nxe4 Nbd7 11.O-O O-O 12.Qe2 c5 13.dxc5 Nxc5 14.Nxc5 Bxc5 15.Bc3 Bb7 16.Rad1 Qe7
17.Ng5 Rfd8 18.Bxf6 Qxf6 19.Bxh7+ Kf8 20.Be4 Qxg5 21.Bxb7 Rxd1 22.Rxd1 Rd8
23.Kg2 Qe7 24.Be4 Rxd1 25.Qxd1 Qd6 26.Qxd6+ Bxd6 27.h4 f5 28.Bb7 Kf7 29.f3 Kf6
30.g4 a5 31.Bc8 Ke5 32.Kf2 Be7 33.Kg3 Bd6 34.Kf2 Be7 35.h5 f4 36.Ke2 Bb4
37.Kd3 Be7 38.Bd7 Bc5 39.Be8 Be7 40.Bf7 Kf6 41.Bg8 Ke5 42.Kc3 Bb4+ 43.Kc2 Be7
44.Kd3 Bf8 45.Bf7 Be7 46.Bg6 Bd8 47.c5 bxc5 48.Kc4 Kd6 49.Be4 Bf6 50.Kb5 Bd8
51.Ba8 Kc7 52.Kxc5 Be7+ 53.Kb5 Bd8 54.Be4 Kd6 55.a4 e5 56.g5 Bxg5 57.Kxa5 Kc7
58.b4 Bh4 59.Ka6 Bf2  1-0

[Event "Haarlem AKN"]
[Site "Haarlem"]
[Date "1994.??.??"]
[Round "5"]
[White "Berebora, Ferenc"]
[Black "Lokotar, Erkki"]
[Result "1/2-1/2"]
[WhiteElo "2390"]
[BlackElo "2330"]

1.d4 Nf6 2.c4 e6 3.Nf3 b6 4.g3 Ba6 5.b3 Bb4+ 6.Bd2 Be7 7.Bg2 c6 8.Bc3 d5
9.Ne5 Nfd7 10.Nxd7 Nxd7 11.Nd2 Nf6 12.O-O O-O 13.Re1 Rc8 14.e4 dxe4 15.Nxe4 b5
16.Nxf6+ Bxf6 17.c5 b4 18.Bxb4 Bxd4 19.Rc1 e5 20.Bc3 Bxc3 21.Rxc3 Qd4 22.Qxd4 exd4
23.Rc2 Rfe8 24.Rd1 d3 25.Rcd2 Re5 26.b4 Bb5 27.f4 Re2 28.Bf1 Rxd2 29.Rxd2 Kf8
30.Kf2 a5 31.a3 axb4 32.axb4 Ra8 33.Bxd3 Bxd3 34.Rxd3 Ra2+ 35.Ke3 Rxh2 36.Kd4 Ke7
37.Kc3 Rg2 38.b5 cxb5 39.Kb4 Rb2+ 40.Ka5 b4 41.c6 Rc2 42.Kb6 h5 43.c7 Ke6
44.Kb7 Kf5 45.c8=Q+ Rxc8 46.Kxc8 f6 47.Kd7 g5 48.fxg5 fxg5 49.Kd6 Kg4 50.Ke5 h4
51.gxh4 gxh4 52.Rd4+ Kg3 53.Rxb4 h3 54.Rb3+ Kg2 55.Kf4 h2 56.Rb2+ Kh3 57.Rb1 Kg2
58.Rb2+ Kh3 59.Rxh2+  1/2-1/2

[Event "EU-ch U18"]
[Site "Hania"]
[Date "1994.??.??"]
[Round "5"]
[White "Stojanovic, Mihajlo"]
[Black "Mastrovasilis, Athanasios"]
[Result "1/2-1/2"]
[WhiteElo "2315"]
[BlackElo "2195"]

1.d4 Nf6 2.Nf3 e6 3.c4 b6 4.g3 Ba6 5.b3 b5 6.cxb5 Bxb5 7.Bg2 Bb4+ 8.Bd2 a5
9.Ne5 Ra6 10.a4 Bc6 11.Nxc6 Nxc6 12.Bxb4 Nxb4 13.Nd2 d5 14.O-O O-O  1/2-1/2

[Event "FIN-ch"]
[Site "Helsinki"]
[Date "1994.??.??"]
[Round "?"]
[White "Sammalvuo, Tapani"]
[Black "Raaste, Eero J"]
[Result "1/2-1/2"]
[WhiteElo "2280"]
[BlackElo "2350"]

1.d4 e6 2.c4 Nf6 3.Nf3 b6 4.g3 Ba6 5.b3 b5 6.cxb5 Bxb5 7.Nc3 Bb4 8.Bd2 Bc6
9.Bg2 O-O 10.O-O a5 11.a3 Be7 12.Qc2 d5 13.Ne5 Bb7 14.Na4 Nfd7 15.Nxd7 Nxd7
16.Rfc1 c6 17.e4 Qb8 18.e5 Rc8 19.Qb2 c5 20.Be3 cxd4 21.Bxd4 Bc6 22.Nc3 Nc5
23.Rcb1 a4 24.bxa4 Qxb2 25.Rxb2 Nxa4 26.Rb3 Nxc3 27.Rxc3 Bd7 28.Rxc8+ Rxc8
29.Bf1 Ra8 30.Bb2 Rb8 31.Bc3 Ra8 32.Bb2 Rb8 33.Bc3 Ra8  1/2-1/2

[Event "FIN-ch"]
[Site "Helsinki"]
[Date "1994.??.??"]
[Round "?"]
[White "Manninen, Marko"]
[Black "Raaste, Eero J"]
[Result "1/2-1/2"]
[WhiteElo "2375"]
[BlackElo "2350"]

1.d4 e6 2.c4 Nf6 3.Nf3 b6 4.g3 Ba6 5.Nbd2 Bb7 6.Bg2 c5 7.d5 exd5 8.Nh4 g6
9.cxd5 Bg7 10.Nc4 O-O 11.Nd6 Ba6 12.O-O Ne8 13.Ne4 d6 14.Bg5 Qd7 15.Qd2 f5
16.Nc3 b5 17.a3 Qf7 18.Nf3 Nf6 19.Bf4 b4 20.axb4 cxb4 21.Na4 Ne4 22.Qxb4 Bxe2
23.Rfe1 Na6 24.Qa3 Bxf3 25.Bxf3 Nc7 26.Bxe4 fxe4 27.Rxe4 Nxd5 28.Rf1 Nxf4
29.Rxf4 Qd5 30.Nc3 Bxc3 31.Rxf8+ Rxf8 32.Qxc3 Rf3 33.Qc8+ Rf8 34.Qc2 Qc5
35.Qd2 d5 36.Rd1 Rd8 37.Qd4 Qxd4 38.Rxd4 Kf7 39.Rh4 h5 40.Ra4 Rd7 41.Kg2 Ke6
42.Ra6+ Kf5 43.Kf3  1/2-1/2

[Event "HUN-chT 9394"]
[Site "?"]
[Date "1994.??.??"]
[Round "?"]
[White "Horvath, Julia"]
[Black "Nagy, E."]
[Result "1/2-1/2"]
[WhiteElo "2250"]
[BlackElo "2305"]

1.d4 Nf6 2.c4 e6 3.Nf3 b6 4.g3 Ba6 5.b3 d5 6.Bg2 Bb4+ 7.Bd2 Be7 8.O-O c6
9.Ne5 O-O 10.Bc3 Ne4 11.Bb2 f6 12.Nd3 Re8 13.cxd5 exd5 14.Nc3 Nxc3 15.Bxc3 Bd6
16.Re1 f5 17.Ne5 Bb7 18.Qc2 g6 19.Rad1 Nd7 20.Nd3 Nf6 21.Bb4 Bxb4 22.Nxb4 Qd6
23.Nd3 a5 24.Rc1 Rac8 25.Qd2 Re7 26.Rc2 Ne4 27.Qf4 Qxf4 28.Nxf4 Kf7 29.Nd3 Ke6
30.Rec1 Kd6 31.f3 Nf6 32.Kf2 Ba6 33.Ne5 c5 34.e3 Rec7 35.Bf1 Bxf1 36.Kxf1 b5
37.Ke2 cxd4  1/2-1/2

[Event "HUN-chT 9394"]
[Site "?"]
[Date "1994.??.??"]
[Round "?"]
[White "Kiss, Pal"]
[Black "Emodi, Barnabas"]
[Result "0-1"]
[WhiteElo "2440"]
[BlackElo "2270"]

1.d4 Nf6 2.c4 e6 3.Nf3 b6 4.g3 Ba6 5.b3 Bb4+ 6.Bd2 Be7 7.Bg2 d5 8.cxd5 Nxd5
9.Nc3 O-O 10.Nxd5 exd5 11.O-O c5 12.Bc3 Nc6 13.Rc1 Re8 14.Re1 Bf8 15.dxc5 bxc5
16.Nh4 Ne7 17.Qd2 Rc8 18.e3 Qd7 19.Red1 Bb7 20.Qb2 Qb5 21.Nf3 Ng6 22.h4 h5
23.Ng5 Rcd8 24.Qc2 Qd7 25.Ba5 Rb8 26.Qe2 f6 27.Qxh5 fxg5 28.Qxg6 gxh4 29.Be4 Rxe4
30.Qxe4 hxg3 31.fxg3 Re8 32.Qf4 Bd6 33.Qg5 d4 34.Re1 Qh3 35.e4 Bxg3 36.Re2 Bxe4  0-1

[Event "HUN-chT 9394"]
[Site "?"]
[Date "1994.??.??"]
[Round "?"]
[White "Juhasz, Bela"]
[Black "Rigo, Janos"]
[Result "1-0"]
[WhiteElo "2190"]
[BlackElo "2340"]

1.d4 Nf6 2.c4 e6 3.Nf3 b6 4.g3 Ba6 5.b3 b5 6.cxb5 Bxb5 7.Bg2 d5 8.O-O Bd6
9.Nc3 Ba6 10.b4 c6 11.Rb1 O-O 12.Bg5 Nbd7 13.Qa4 Bb7 14.Qc2 h6 15.Bxf6 Qxf6
16.e4 e5 17.exd5 exd4 18.Ne4 Qg6 19.dxc6 d3 20.Qxd3 Bxc6 21.Nh4 Bxe4 22.Bxe4  1-0

[Event "HUN-chT2 9394"]
[Site "?"]
[Date "1994.??.??"]
[Round "?"]
[White "Papagorasz, Takisz"]
[Black "Doery, Jeno"]
[Result "1-0"]
[WhiteElo "2270"]
[BlackElo "2330"]

1.d4 Nf6 2.c4 e6 3.Nf3 b6 4.g3 Ba6 5.Qc2 c5 6.Bg2 Bb7 7.e3 Be7 8.O-O O-O
9.b3 Nc6 10.Bb2 cxd4 11.exd4 d5 12.Nbd2 Rc8 13.Rfc1 dxc4 14.bxc4 Na5 15.Ne5 Bxg2
16.Kxg2 Nxc4 17.Ndxc4 b5 18.Qe2 Qd5+ 19.Kg1 bxc4 20.Nxc4 h6 21.Ne3 Qe4 22.f3 Qb7
23.Rxc8 Rxc8 24.Rc1 Rxc1+ 25.Bxc1 Qc6 26.Bb2 Qb7 27.Kg2 Nd5 28.Nxd5 Qxd5
29.Qa6 Qd7 30.d5 exd5 31.Bd4 Qe6 32.Qxa7 Qe2+ 33.Bf2 Bg5 34.Qa8+ Kh7 35.Qxd5 Kg6
36.h4 Bd2 37.g4 f6 38.h5+ Kh7 39.Qe4+ Qxe4 40.fxe4 Ba5 41.Kf3 g6 42.Bc5 Kg7
43.a3 Kf7 44.Bb4 Bb6 45.a4 gxh5 46.gxh5 Ke6 47.a5 Ba7 48.Bd2 f5 49.Bxh6 Ke5
50.Bf4+ Ke6 51.a6 Kf6 52.e5+  1-0

[Event "JUG-chT"]
[Site "Igalo"]
[Date "1994.??.??"]
[Round "?"]
[White "Skembris, Spyridon"]
[Black "Ivanovic, Bozidar"]
[Result "1/2-1/2"]
[WhiteElo "2525"]
[BlackElo "2515"]

1.d4 Nf6 2.c4 e6 3.Nf3 b6 4.g3 Ba6 5.Qa4 c5 6.Bg2 Bb7 7.dxc5 Bxc5 8.Nc3 O-O
9.O-O Nc6 10.Bf4 Qe7 11.a3 Rad8 12.Rad1 a5 13.Ne5 Rc8 14.Nd3 d5 15.cxd5 Nxd5
16.Nxd5 exd5 17.Rfe1 Nd4 18.Nxc5 bxc5 19.Qxa5 Nxe2+ 20.Kf1 d4 21.Bg5 Nxg3+
22.hxg3 Bxg2+ 23.Kxg2 Qxg5 24.b4 Qd5+ 25.Kg1 h5 26.bxc5 h4 27.gxh4 Rxc5 28.Qa4 d3
29.Re8 Rxe8 30.Qxe8+ Kh7 31.Qe3 Rc3 32.a4 Qh5 33.Qe4+ g6  1/2-1/2

[Event "Iraklio Schev"]
[Site "Iraklio"]
[Date "1994.??.??"]
[Round "9"]
[White "Mastrokoukos, Georgios"]
[Black "Rajkovic, Dusan"]
[Result "1/2-1/2"]
[WhiteElo "2435"]
[BlackElo "2505"]

1.d4 Nf6 2.c4 e6 3.Nf3 b6 4.g3 Ba6 5.b3 b5 6.cxb5 Bxb5 7.Nc3 Bb4 8.Bd2 Bc6
9.Bg2 Qc8 10.O-O Qb7 11.a3 Bxc3 12.Bxc3 O-O 13.b4 d6 14.Qc2 Be4 15.Ne1 Nbd7
16.Bxe4 Qxe4 17.Qxe4 Nxe4 18.Rc1 Nb6 19.f3 Nxc3 20.Rxc3 Nd5 21.Rb3 f5 22.Nd3 a5
23.Nf4 Nxf4 24.gxf4 axb4 25.axb4 Rfb8 26.Rc1 Ra7 27.Kf2 Kf7 28.b5 Ke7 29.Rg1 g6
30.h4 Kf6 31.Rc1 Ke7 32.Rg1 Rab7 33.Rc3 Kd7 34.h5 Rg8 35.hxg6 Rxg6 36.Rh1 h6
37.Rb3 d5 38.e4 fxe4 39.fxe4 dxe4 40.Rbb1 Ra7 41.Ke3 Ra3+ 42.Kxe4 Rg2 43.Rbe1  1/2-1/2

[Event "ISL-ch playoff"]
[Site "?"]
[Date "1994.??.??"]
[Round "2"]
[White "Olafsson, Helgi"]
[Black "Hjartarson, Johann"]
[Result "0-1"]
[WhiteElo "2535"]
[BlackElo "2595"]

1.d4 Nf6 2.c4 e6 3.Nf3 b6 4.g3 Ba6 5.b3 Bb7 6.Bg2 Bb4+ 7.Bd2 c5 8.O-O O-O
9.Bc3 Na6 10.Bb2 cxd4 11.Qxd4 Be7 12.Nc3 Nc5 13.Rfd1 d6 14.Rac1 a6 15.Qe3 Qc7
16.b4 Ncd7 17.Nd5 exd5 18.Qxe7 Rae8 19.cxd5 Qb8 20.Bxf6 Rxe7 21.Bxe7 Re8
22.Bg5 h6 23.Bf4 Nf6 24.Nd4 Nxd5 25.Bxd5 Bxd5 26.Nf5 Qa8 27.Nxd6 Rd8 28.Rd2 f6
29.Rdc2 Be6 30.Rc6 b5 31.a3 Bd7 32.Rb6 Qd5 33.e4 Qd3 34.Nf5 Qxe4 35.Ne3 Bh3
36.Rbc6 Rd3 37.R6c2 Rxa3 38.Rd2 Kh7 39.Rcd1 h5 40.Bd6 Qf3 41.Bc5 h4 42.gxh4 Rxe3
43.fxe3 Qg4+ 44.Kh1 Bg2+ 45.Rxg2 Qxd1+ 46.Rg1 Qf3+ 47.Rg2 a5 48.Kg1 axb4
49.Bd4 b3 50.Rb2 Kh6 51.Rf2 Qg4+ 52.Kf1 Qxh4 53.Ke2 Qe4 54.Kf1 f5 55.Rb2 Qh1+
56.Kf2 Qxh2+ 57.Kf3 Qh1+ 58.Kg3 Qe4 59.Rh2+ Kg6 60.Rh4 Qb1 61.Rh2 Kf7 62.Rb2 Qd1
63.Kf4 Ke6 64.Rg2 Qf1+ 65.Kg3 g5  0-1

[Event "ISL-chT"]
[Site "?"]
[Date "1994.??.??"]
[Round "?"]
[White "Hjartarson, Johann"]
[Black "Jonsson, Bjorgvin"]
[Result "1-0"]
[WhiteElo "2595"]
[BlackElo "2380"]

1.d4 Nf6 2.c4 e6 3.Nf3 b6 4.g3 Ba6 5.b3 Bb4+ 6.Bd2 Be7 7.Nc3 d5 8.cxd5 exd5
9.Bg2 O-O 10.O-O c5 11.Rc1 Nbd7 12.Bf4 Bb7 13.dxc5 bxc5 14.Ne5 Nxe5 15.Bxe5 Ne4
16.Nxe4 dxe4 17.Qc2 Qd5 18.Qb2 f6 19.Bf4 Rfd8 20.Rc2 Rac8 21.Rfc1 Rc6 22.h4 Qe6
23.Rc4 f5 24.e3 Bf6 25.Qa3 Ra6 26.Ra4 Rxa4 27.Qxa4 a6 28.Rxc5 Rd1+ 29.Kh2 h6
30.Bh3 Bd5 31.Qb4 g5 32.Rc7 Ba8 33.Ra7 Bc6 34.Bc7 Bb5 35.Ra8+ Kh7 36.Qf8 g4
37.Bg2 Bg7 38.Qc5 Rd2 39.Ra7 Kg6 40.Rb7 Kh5 41.Bf4 Rd5 42.Qa7 Bf8 43.Rb6 Bd6
44.Bxd6 Rxd6 45.Rxd6 Qxd6 46.Bxe4 Kg6 47.h5+ Kf6 48.Qh7  1-0

[Event "Isle of Man op"]
[Site "Isle of Man"]
[Date "1994.??.??"]
[Round "1"]
[White "Anderton, David W"]
[Black "Arkell, Keith C"]
[Result "1/2-1/2"]
[WhiteElo "2230"]
[BlackElo "2470"]

1.d4 Nf6 2.c4 e6 3.Nf3 b6 4.g3 Ba6 5.b3 b5 6.cxb5 Bxb5 7.Bg2 c5 8.O-O Bc6
9.Ba3 Na6 10.Nbd2 Be7 11.Rc1 cxd4 12.Bxe7 Qxe7 13.Nc4 Bxf3 14.Bxf3 d5 15.Qxd4 O-O
16.Ne5 Rfc8 17.Qa4 Nc5 18.Qa3 Kf8 19.Rc2 Nce4 20.Qxe7+ Kxe7 21.Rfc1 Rxc2
22.Rxc2 Nd6 23.Rc7+ Kd8 24.Rc6 Nfe8 25.Ra6 Kc7 26.Ra4 Nf6 27.Ra6 Nd7 28.Nxd7 Kxd7
29.Kf1 f5 30.h4 Nb5 31.e3 Nc7 32.Ra5 Kc6 33.Be2 Kb6 34.b4 a6 35.Ke1 Rd8 36.Ra3 g6
37.Rc3 Nb5 38.Bxb5 axb5 39.f4 h6 40.Ke2 g5 41.hxg5 hxg5 42.Kd3 Rh8 43.Kd4 g4
44.Ke5 Rh3 45.Kxe6 Rxg3 46.Kxd5 Rf3 47.Ke5 g3 48.Rc1 g2 49.Rg1 Rxe3+ 50.Kxf5 Rg3
51.Ke5 Kc6 52.f5 Kd7 53.Kf4 Rg8 54.Kf3 Rg5 55.Rxg2 Rxf5+ 56.Ke4 Rh5 57.Kd4 Kc6
58.Rg6+  1/2-1/2

[Event "Heart of Finland op 4th"]
[Site "Jyvaskyla"]
[Date "1994.??.??"]
[Round "?"]
[White "Barkhagen, Jonas"]
[Black "Solozhenkin, Evgeniy"]
[Result "0-1"]
[WhiteElo "2400"]
[BlackElo "2505"]

1.d4 Nf6 2.c4 e6 3.Nf3 b6 4.g3 Ba6 5.Qc2 c5 6.Bg2 Nc6 7.dxc5 Bxc5 8.O-O Rc8
9.Qa4 Bb7 10.Nc3 Be7 11.Ne5 O-O 12.Nd3 a6 13.b4 d5 14.cxd5 Nd4 15.b5 Rxc3
16.Qxd4 Nxd5 17.bxa6 Bf6 18.Qa4 Bc6 19.Qd1 Qa8 20.Bd2 Rxd3 21.exd3 Bxa1 22.Qxa1 Qxa6
23.Rc1 Ba8 24.Qb1 h6 25.Rc4 Rd8 26.a4 Qa7 27.Qb2 Ne7 28.Bxa8 Qxa8 29.Rd4 Nf5
30.Rxd8+ Qxd8 31.Be3 Qxd3 32.Qxb6 Qd1+ 33.Kg2 Qxa4 34.h4 Qe4+ 35.Kh2 e5 36.Bc5 Nd4
37.Qd8+ Kh7 38.Qd7 Nf3+ 39.Kh3 f5 40.Qd1 Qg4+  0-1

[Event "Heart of Finland op 4th"]
[Site "Jyvaskyla"]
[Date "1994.??.??"]
[Round "?"]
[White "Volzhin, Alexander"]
[Black "Havansi, Erkki ET"]
[Result "1-0"]
[WhiteElo "2425"]
[BlackElo "2280"]

1.d4 Nf6 2.c4 e6 3.Nf3 b6 4.g3 Ba6 5.b3 Bb4+ 6.Bd2 Be7 7.Bg2 c6 8.Bc3 d5
9.Ne5 Nfd7 10.Nxd7 Nxd7 11.Nd2 O-O 12.O-O b5 13.Re1 f5 14.e3 Rb8 15.c5 Bf6
16.b4 Bc8 17.a4 a6 18.Nb3 Qc7 19.f3 Rf7 20.e4 Nf8 21.Bd2 g5 22.e5 Bd8 23.Qc2 h5
24.Nc1 Rh7 25.Nd3 Qg7 26.Nf2 Ng6 27.Nh3 Nf8 28.Qc1 g4 29.Nf4 Ng6 30.Kf2 Nxf4
31.Bxf4 Qg6 32.axb5 Rxb5 33.Bd2 h4 34.f4 hxg3+ 35.hxg3 Rh2 36.Rh1 Rxh1 37.Qxh1 Rb8
38.Bf1 Ra8 39.Be2 Qf7 40.Qh6 Qg7 41.Qh5 Qf7 42.Qh6 Qh7 43.Qxh7+ Kxh7 44.b5 cxb5
45.Bxb5 Kg7 46.Ba4 Rb8 47.Bc3 Kf7 48.Ke2 Bc7 49.Kd2 Bd8 50.Kc2 Bc7 51.Rh1 Kg7
52.Bc6 Bd8 53.Rb1 Rxb1 54.Kxb1 Kf7 55.Kb2 Ke7 56.Ba8 Ke8 57.Kb3 Bc7 58.Ka4 Bd8
59.c6 Bb6 60.Bb7 Bd7 61.cxd7+  1-0

[Event "Karditsa"]
[Site "Karditsa"]
[Date "1994.??.??"]
[Round "1"]
[White "Grivas, Efstratios"]
[Black "Kalesis, Nikolaos"]
[Result "0-1"]
[WhiteElo "2505"]
[BlackElo "2415"]

1.d4 Nf6 2.c4 e6 3.Nf3 b6 4.g3 Ba6 5.Nbd2 c5 6.e4 cxd4 7.e5 Ng4 8.h3 Nh6
9.Bg2 Nc6 10.O-O Be7 11.Qa4 Bb7 12.Nxd4 Qc7 13.Nb5 Qb8 14.Ne4 Nf5 15.Bf4 Nxe5
16.Rad1 f6 17.g4 a6 18.Nbc3 Bc6 19.Nxf6+ gxf6 20.Bxc6 dxc6 21.Bxe5 Qxe5 22.Qxc6+ Kf7
23.gxf5 Rhg8+ 24.Kh1 Qxf5 25.Kh2 Qf4+ 26.Kh1 Rac8 27.Qe4 Rxc4 28.Qxh7+ Kf8
29.f3 Qh4 30.Qxh4 Rxh4 31.Kh2 Rgh8 32.Rfe1 Rxh3+ 33.Kg2 Rh2+ 34.Kg3 R8h3+
35.Kf4 Kf7 36.Rd7 e5+ 37.Ke3 Ke6 38.Ra7 Bc5+ 39.Kd3 Rxf3+ 40.Kc4 Rxb2  0-1

[Event "Kecskemet"]
[Site "Kecskemet"]
[Date "1994.??.??"]
[Round "?"]
[White "Polak, Tomas"]
[Black "Kogan, Artur"]
[Result "0-1"]
[WhiteElo "2415"]
[BlackElo "2470"]

1.d4 Nf6 2.c4 e6 3.Nf3 b6 4.g3 Ba6 5.b3 Bb7 6.Bg2 Bb4+ 7.Bd2 a5 8.O-O O-O
9.Nc3 Na6 10.Qc2 Rb8 11.Rfe1 d5 12.a3 Be7 13.cxd5 exd5 14.Bf4 Nh5 15.Be3 f5
16.Qd2 c6 17.Bg5 Nf6 18.Ne5 Nc7 19.Bxf6 Rxf6 20.Na4 Nb5 21.b4 Ra8 22.Nc3 Nd6
23.Qb2 b5 24.e3 Rh6 25.bxa5 Qxa5 26.a4 b4 27.Ne2 Nc4 28.Qc2 Nxe5 29.dxe5 c5
30.Qxf5 Rd8 31.Red1 b3 32.e6 Rf6 33.Qe5 c4 34.Nc3 Bd6 35.Qd4 Rxe6 36.Bxd5 Bxd5
37.Qxd5 Qxd5 38.Rxd5 Rc8 39.Nb1 c3 40.Nxc3 Rxc3 41.Rb5 Re8 42.Rd1 Ba3 43.Rd7 b2
44.Kg2 Rc2 45.a5 Ra8 46.Rdb7 Rc6 47.R7b6 Rxb6 48.axb6 Kf7  0-1